El Cristo de Unamuno

Kaydedildi:
Detaylı Bibliyografya
Yazar: Marrero Suárez, Vicente (autor)
Materyal Türü: Kitap
Dil:İspanyolca
Baskı/Yayın Bilgisi: Madrid Rialp 1960
Seri Bilgileri:Libros de Bolsillo Rialp, 1
Konular:
Etiketler: Etiketle
Etiket eklenmemiş, İlk siz ekleyin!

MARC

LEADER 00000nam a2200000 a 4500
001 UCW8161
003 CL-VaPUC
008 880610e19600000SP |||||||||||||||||spa|d
082 0 4 |a 864  |b MAR  |2 21 
100 |a Marrero Suárez, Vicente  |e autor  |9 313272 
245 1 3 |a El Cristo de Unamuno 
300 |a 276 p 
942 |c BK 
945 |d 19880610 00:00:00 
260 |a Madrid  |b Rialp  |c 1960 
600 0 7 |a UNAMUNO, MIGUEL DE  |2 CL-VaPUC  |9 312478 
650 0 |a Ensayos españoles  |9 313128 
650 0 |a Crítica e interpretación   |9 255042 
583 |a last modification  |c 19880610 00:00:00  |k Rodrigo Vera 
490 0 |a Libros de Bolsillo Rialp, 1 
999 |c 220621  |d 220619 
952 |0 0  |1 0  |4 0  |6 864_000000000000000_MAR_1960  |7 0  |8 A  |9 213093  |a BIBEDU  |b BIBEDU  |d 2019-11-15  |i 2814315  |o 864 MAR 1960  |p 2814315  |r 2019-11-15  |w 2019-11-15  |y BK  |k LIT